Environnement économique et politique de transition vers une économie de marché Colombie

Salvato in:
Dettagli Bibliografici
Autore principale: Edwards, Sebastian
Ente Autore: OECD. Development Centre
Natura: Libro
Lingua:francese
Pubblicazione: Paris OCDE 2001
Serie:Développement
Études du Centre de Développement
Soggetti:
Tags: Aggiungi Tag
Nessun Tag, puoi essere il primo ad aggiungerne!!

MARC

LEADER 00000nam a2200000 4500
001 c130271
005 20221221091456.2
020 |a 92-64-29523-2 
041 0 |a fre 
044 |a FR 
245 1 0 |a Environnement économique et politique de transition vers une économie de marché  |b Colombie  |c par Sebastian Edwards 
264 1 |a Paris  |b OCDE  |c 2001 
300 |a 106 s. 
490 1 |a Développement 
830 0 |a Développement 
490 1 |a Études du Centre de Développement 
830 0 |a Études du Centre de Développement 
610 2 0 |a politika hospodárska 
610 2 0 |a hospodárstvo trhové 
610 2 0 |a hospodárstvo otvorené 
610 2 0 |a reformy 
610 2 0 |a politika 
610 2 0 |a ukazovatele 
610 2 0 |a porovnanie medzinárodné 
610 2 0 |a svet 
610 2 0 |a Kolumbia 
610 2 0 |a OECD 
100 1 |a Edwards, Sebastian 
710 2 |a OECD. Development Centre